Clinical laboratory medicine: clinical application of laboratory data

Αποθηκεύτηκε σε:
Λεπτομέρειες βιβλιογραφικής εγγραφής
Κύριος συγγραφέας: Ravel, Richard (Συγγραφέας)
Μορφή: Βιβλίο
Γλώσσα:Αγγλικά
Έκδοση: Chicago Year Book Medical 1984
Έκδοση:4a. ed
Θέματα:
Ετικέτες: Προσθήκη ετικέτας
Δεν υπάρχουν, Καταχωρήστε ετικέτα πρώτοι!

MARC

LEADER 00000nam a2200000 a 4500
001 UCT1890
003 CL-VaPUC
008 961004e19840000US |||||||||||||||||eng|d
082 0 4 |a 616.075  |b RAV  |2 21 
100 0 |a Ravel, Richard  |e author  |9 370916 
245 1 0 |a Clinical laboratory medicine: clinical application of laboratory data 
250 |a 4a. ed 
300 |a 563 p 
942 |c BK 
945 |d 19961004 00:00:00  |a cmena 
260 |a Chicago  |b Year Book Medical  |c 1984 
650 7 |a LABORATORIOS DE ANALISIS  |2 CL-VaPUC  |9 370917 
650 0 |a Diagnóstico médico  |9 306819 
650 0 |a Hematología  |9 343849 
650 0 |a Sangre  |9 344737 
650 0 |a Inmunología  |9 329894 
650 0 |a Parasitología  |9 338528 
650 0 |a Genética  |9 259443 
583 |a last modification  |c 20170531 10:03:52  |k Rodrigo Vera 
999 |c 252241  |d 252239